[Event "Prva liga Srbije 2009"]
[Site "Kragujevac"]
[Date "2009.09.01"]
[Round "1"]
[White "Barlov, Dragan"]
[Black "Dragojlovic, Andjelko"]
[Result "1/2-1/2"]
[WhiteElo "2471"]
[BlackElo "2402"]
[PlyCount "69"]
[EventDate "2009.??.??"]
[Source "Perpetual Check"]

1. e4 c5 2. Nf3 g6 3. d4 cxd4 4. Qxd4 Nf6 5. Bb5 Nc6 6. Bxc6 dxc6 7. Qxd8+ Kxd8
8. Nc3 Ke8 9. a4 Bg7 10. O-O Nd7 11. a5 Ne5 12. Nxe5 Bxe5 13. Re1 f6 14. Na4 g5
15. Nc5 Bd6 16. Be3 Kf7 17. Red1 Rb8 18. Nd3 b6 19. axb6 axb6 20. Ra7 Be6 21.
e5 fxe5 22. Bxg5 Bf5 23. f3 Rbe8 24. Bh4 Ra8 25. Rxa8 Rxa8 26. Bg3 Bxd3 27.
cxd3 Ra2 28. Rd2 Bc5+ 29. Bf2 Bd4 30. Bxd4 exd4 31. Kf2 c5 32. f4 e5 33. Kf3
Ke6 34. g4 exf4 35. Kxf4 {40 moves} 1/2-1/2

[Event "Prva liga Srbije 2009"]
[Site "Kragujevac"]
[Date "2009.09.01"]
[Round "1"]
[White "Saric, Sinisa"]
[Black "Novoselski, Zoran"]
[Result "1/2-1/2"]
[WhiteElo "2418"]
[BlackElo "2412"]
[PlyCount "91"]
[EventDate "2009.??.??"]
[Source "Perpetual Check"]

1. d4 e6 2. c4 Nf6 3. Nc3 d5 4. cxd5 exd5 5. Bg5 Be7 6. e3 O-O 7. Bd3 Re8 8.
Qc2 Nbd7 9. Nf3 c6 10. O-O Nf8 11. Ne5 g6 12. f4 Ng4 13. Bxe7 Qxe7 14. Rae1 Nh6
15. e4 dxe4 16. Bxe4 Nf5 17. Qf2 Qb4 18. Bxf5 Bxf5 19. g4 Rxe5 20. fxe5 Be6 21.
Re4 Qe7 22. h4 Nd7 23. Rf4 Nb6 24. Ne4 Bxa2 25. d5 Rf8 26. e6 f5 27. gxf5 Nxd5
28. f6 Qxe6 29. f7+ Kg7 30. Qd4+ Kh6 31. Ng5 Qe3+ 32. Qxe3 Nxe3 33. Ra1 Bd5 34.
Rxa7 Ng2 35. Rg4 Nxh4 36. Rxh4+ Kxg5 37. Rxh7 b5 38. Kf2 Kf6 39. Rc7 g5 40. Kg3
Kg6 41. Rh2 Rxf7 42. Rxf7 Bxf7 43. b4 Be6 44. Rc2 Bc4 45. Rf2 Bd5 46. Rf1
1/2-1/2

[Event "Prva liga Srbije 2009"]
[Site "Kragujevac"]
[Date "2009.09.01"]
[Round "1"]
[White "Aleksic, Nenad"]
[Black "Grujic, Zoran"]
[Result "1/2-1/2"]
[WhiteElo "2374"]
[BlackElo "2347"]
[PlyCount "83"]
[EventDate "2009.??.??"]
[Source "Perpetual Check"]

1. e4 e5 2. Nf3 Nc6 3. d3 Nf6 4. Be2 d5 5. Nbd2 g6 6. O-O Bg7 7. c3 a5 8. b3
O-O 9. Bb2 Re8 10. a3 b6 11. Re1 Ba6 12. Qc2 dxe4 13. dxe4 Bxe2 14. Rxe2 Qd7
15. Nc4 Rad8 16. Rd2 Qg4 17. Rxd8 Rxd8 18. Re1 Qe6 19. Ne3 Bh6 20. Bc1 Kg7 21.
h3 Rd7 22. a4 Rd8 23. Nh2 Bxe3 24. Bxe3 Nd7 25. Rd1 Qe7 26. Nf3 f6 27. b4 Ndb8
28. Rxd8 Qxd8 29. b5 Ne7 30. c4 c5 31. bxc6 Nexc6 32. c5 bxc5 33. Bxc5 Qc8 34.
Be3 Qd7 35. Kh2 Nb4 36. Qc1 Qc6 37. Qd2 Nd7 38. Ne1 Qxa4 39. Nd3 Nxd3 40. Qxd3
Qc6 41. Qa3 Kf7 42. Qa2+ 1/2-1/2

[Event "Prva liga Srbije 2009"]
[Site "Kragujevac"]
[Date "2009.09.01"]
[Round "1"]
[White "Sekulic, Dusan"]
[Black "Pavlovic, Goran"]
[Result "1/2-1/2"]
[WhiteElo "2295"]
[BlackElo "2374"]
[PlyCount "66"]
[EventDate "2009.??.??"]
[Source "Perpetual Check"]

1. d4 Nf6 2. Nf3 d5 3. c4 c6 4. e3 Bg4 5. Qb3 Qb6 6. Nc3 e6 7. Bd3 Nbd7 8. Qc2
Bxf3 9. gxf3 dxc4 10. Bxc4 Be7 11. O-O O-O 12. Rd1 c5 13. d5 Ne5 14. Be2 exd5
15. Nxd5 Nxd5 16. Rxd5 Nc6 17. a3 Rad8 18. Rf5 g6 19. Rf4 Bd6 20. Re4 Qc7 21.
f4 Rfe8 22. Bf3 Bf8 23. Rxe8 Rxe8 24. Bd2 Qc8 25. Bc3 Nd4 26. Bxd4 cxd4 27.
Qxc8 Rxc8 28. exd4 b6 29. f5 Kg7 30. fxg6 hxg6 31. b4 Rc3 32. Kg2 Bd6 33. h3
Rd3 1/2-1/2

[Event "Prva liga Srbije 2009"]
[Site "Kragujevac"]
[Date "2009.09.02"]
[Round "2"]
[White "Miroshnichenko, Evgenij"]
[Black "Kosic, Dragan"]
[Result "1/2-1/2"]
[WhiteElo "2690"]
[BlackElo "2495"]
[PlyCount "99"]
[EventDate "2009.??.??"]
[Source "Perpetual Check"]

1. d4 e6 2. Nf3 Nf6 3. c4 d5 4. g3 dxc4 5. Bg2 c5 6. O-O Nc6 7. Qa4 Bd7 8. Qxc4
Qb6 9. dxc5 Qxc5 10. Na3 Rc8 11. Be3 Qxc4 12. Nxc4 Nd5 13. Bd2 f6 14. Rfd1 b5
15. Na5 Nxa5 16. Bxa5 Bb4 17. Bxb4 Nxb4 18. Nd4 Ke7 19. Be4 f5 20. a3 Nc6 21.
Bxc6 Bxc6 22. Rac1 Bd7 23. f4 a6 24. Kf2 Rxc1 25. Rxc1 Rc8 26. Rxc8 Bxc8 27.
Ke3 Kd6 28. Nf3 Kd5 29. Kd3 a5 30. b4 axb4 31. axb4 Bd7 32. g4 h6 33. Ne5 Be8
34. gxf5 exf5 35. Nf3 Bc6 36. h4 g6 37. Nd2 Be8 38. Nb1 g5 39. Nc3+ Ke6 40.
fxg5 hxg5 41. hxg5 Ke5 42. e3 f4 43. exf4+ Kxf4 44. Kd4 Kxg5 45. Kc5 Kf6 46.
Nd5+ Ke5 47. Nc7 Bh5 48. Nxb5 Be2 49. Nd6 Ke6 50. b5 1/2-1/2

[Event "Prva liga Srbije 2009"]
[Site "Kragujevac"]
[Date "2009.09.02"]
[Round "2"]
[White "Zlatic, Mihailo"]
[Black "Vuckovic, Bojan"]
[Result "0-1"]
[WhiteElo "2456"]
[BlackElo "2600"]
[PlyCount "64"]
[EventDate "2009.??.??"]
[Source "Perpetual Check"]

1. c4 Nf6 2. Nc3 g6 3. g3 Bg7 4. Bg2 O-O 5. e4 c5 6. Nge2 Nc6 7. O-O Ne8 8. d3
Nc7 9. Be3 Nd4 10. Qd2 Rb8 11. Bxd4 cxd4 12. Nb5 Nxb5 13. cxb5 Qb6 14. Qb4 d6
15. a4 a6 16. a5 Qxb5 17. Qxb5 axb5 18. Rfc1 e5 19. f4 Bg4 20. Kf2 Rfc8 21. Bf3
Be6 22. Rxc8+ Rxc8 23. f5 Bb3 24. Rc1 Rc2 25. fxg6 hxg6 26. Bg4 Bh6 27. Rxc2
Bxc2 28. Bc8 Bd2 29. Bxb7 Bxa5 30. Bc6 Bxd3 31. Nc1 Bc4 32. b3 d3 0-1

[Event "Prva liga Srbije 2009"]
[Site "Kragujevac"]
[Date "2009.09.02"]
[Round "2"]
[White "Saric, Sinisa"]
[Black "Cabrilo, Goran"]
[Result "1-0"]
[WhiteElo "2418"]
[BlackElo "2492"]
[PlyCount "95"]
[EventDate "2009.??.??"]
[Source "Perpetual Check"]

1. d4 e6 2. c4 d5 3. Nc3 Bb4 4. Qa4+ Nc6 5. e3 Nf6 6. Nf3 O-O 7. Bd2 a6 8. Bd3
dxc4 9. Bxc4 Bd6 10. Rd1 Qe7 11. Qc2 e5 12. dxe5 Nxe5 13. Ng5 g6 14. Bb3 Nc6
15. Nge4 Nb4 16. Nxf6+ Qxf6 17. Qe4 Bf5 18. Qf3 Nd3+ 19. Kf1 Ne5 20. Qxb7 c6
21. Qb6 Bd3+ 22. Ne2 Rab8 23. Qd4 c5 24. Qf4 Qxf4 25. exf4 Nc6 26. Bc3 c4 27.
Bxc4 Bxc4 28. Rxd6 Rfe8 29. Rxc6 Bxe2+ 30. Kg1 Re4 31. Be5 Rd8 32. h4 Bb5 33.
Rc2 h5 34. Kh2 Kf8 35. Rhc1 Ke7 36. Kg3 f6 37. f3 Re3 38. Kf2 Red3 39. Bc3 Rd1
40. Bb4+ Ke6 41. b3 Rxc1 42. Rxc1 Rd5 43. a4 Bd7 44. Ke3 a5 45. Bc5 Be8 46. Bb6
Bf7 47. Rc3 Kd6 48. Bd4 1-0

[Event "Prva liga Srbije 2009"]
[Site "Kragujevac"]
[Date "2009.09.02"]
[Round "2"]
[White "Jeremic, Veljko"]
[Black "Grujic, Zoran"]
[Result "1/2-1/2"]
[WhiteElo "2494"]
[BlackElo "2347"]
[PlyCount "87"]
[EventDate "2009.??.??"]
[Source "Perpetual Check"]

1. d4 Nf6 2. c4 g6 3. Nc3 Bg7 4. e4 d6 5. Be2 O-O 6. Bg5 c5 7. d5 h6 8. Bf4 e6
9. Qd2 exd5 10. exd5 Kh7 11. Bd3 Nh5 12. Be3 Qe7 13. Nge2 Nd7 14. f4 Re8 15.
Bf2 Bxc3 16. bxc3 Ndf6 17. O-O Ne4 18. Qc2 Nxf2 19. Rxf2 f5 20. g4 Ng7 21. Ng3
Qf6 22. gxf5 Bxf5 23. Nxf5 Nxf5 24. Qd2 Re7 25. Re1 Rae8 26. Rfe2 Rxe2 27. Rxe2
Nh4 28. Kf2 Rxe2+ 29. Kxe2 Kg7 30. Be4 g5 31. fxg5 hxg5 32. Qb2 b6 33. Qb5 Qe7
34. Kd3 Ng6 35. Bxg6 Kxg6 36. Qc6 Qe5 37. Qa8 Qf5+ 38. Kd2 Qf4+ 39. Kd3 Qf5+
40. Kd2 Qf7 41. Qb8 Qe7 42. Qg8+ Kf5 43. Qc8+ Kf6 44. Qh8+ 1/2-1/2

[Event "Prva liga Srbije 2009"]
[Site "Kragujevac"]
[Date "2009.09.02"]
[Round "2"]
[White "Antic, Dejan"]
[Black "Paunovic, Dragan"]
[Result "1/2-1/2"]
[WhiteElo "2518"]
[BlackElo "2556"]
[PlyCount "89"]
[EventDate "2009.??.??"]
[Source "Perpetual Check"]

1. d4 d6 2. Nf3 Bg4 3. c4 c6 4. e4 Nf6 5. Nc3 Nbd7 6. Be2 e5 7. O-O Be7 8. d5
cxd5 9. cxd5 Bxf3 10. Bxf3 O-O 11. a4 Qb8 12. g4 h6 13. Bg2 Nh7 14. f4 a6 15.
Ra3 exf4 16. Bxf4 Bf6 17. Qe2 Be5 18. Bd2 Qd8 19. a5 Qh4 20. h3 Rac8 21. Nd1
Bd4+ 22. Kh1 Ne5 23. Ne3 Bxe3 24. Bxe3 Rfe8 25. Rc3 Nf8 26. Rfc1 Rxc3 27. Rxc3
Nfd7 28. Qf2 Qd8 29. b4 Nf6 30. Qf5 Ned7 31. Bd4 Nh7 32. Kg1 Nhf8 33. Qf4 Ne5
34. Bb6 Qd7 35. Rc7 Qa4 36. Rxb7 Qxb4 37. Kh2 Rc8 38. Rc7 Rxc7 39. Bxc7 Nfd7
40. Qf2 Nf6 41. Qe2 Nc4 42. Bf1 Nd2 43. Bg2 Nc4 44. Bf1 Nd2 45. Bg2 1/2-1/2

[Event "Prva liga Srbije 2009"]
[Site "Kragujevac"]
[Date "2009.09.02"]
[Round "2"]
[White "Barlov, Dragan"]
[Black "Rajkovic, Dusan"]
[Result "1/2-1/2"]
[WhiteElo "2471"]
[BlackElo "2472"]
[PlyCount "20"]
[EventDate "2009.??.??"]
[Source "Perpetual Check"]

1. Nf3 Nf6 2. c4 c5 3. g3 b6 4. Bg2 Bb7 5. O-O e6 6. Nc3 Be7 7. Re1 d6 8. e4 a6
9. b3 e5 10. d3 O-O 1/2-1/2

[Event "Prva liga Srbije 2009"]
[Site "Kragujevac"]
[Date "2009.09.02"]
[Round "2"]
[White "Arsovic, Goran"]
[Black "Aleksic, Nenad"]
[Result "1/2-1/2"]
[WhiteElo "2439"]
[BlackElo "2374"]
[PlyCount "48"]
[EventDate "2009.??.??"]
[Source "Perpetual Check"]

1. d4 Nf6 2. Nf3 b6 3. g3 Bb7 4. Bg2 e6 5. c4 Be7 6. O-O O-O 7. Nc3 Ne4 8. Bd2
f5 9. Qc2 Nxc3 10. Bxc3 Be4 11. Qd2 d5 12. cxd5 Bxd5 13. Rfd1 Nd7 14. Bb4 Bxb4
15. Qxb4 f4 16. Rac1 fxg3 17. hxg3 Nf6 18. Qc3 Rc8 19. a3 Qe8 20. Qe3 Ng4 21.
Qg5 Nf6 22. Qe3 Ng4 23. Qg5 Nf6 24. Qe3 Ng4 1/2-1/2

[Event "Prva liga Srbije 2009"]
[Site "Kragujevac"]
[Date "2009.09.02"]
[Round "2"]
[White "Pavlovic, Goran"]
[Black "Sarenac, Ivan"]
[Result "1/2-1/2"]
[WhiteElo "2374"]
[BlackElo "2353"]
[PlyCount "56"]
[EventDate "2009.??.??"]
[Source "Perpetual Check"]

1. Nf3 Nf6 2. g3 g6 3. Bg2 Bg7 4. O-O O-O 5. d4 d5 6. c4 dxc4 7. Na3 c3 8. bxc3
c5 9. Nc4 Nc6 10. Bb2 Be6 11. Nce5 Qb6 12. Ba3 Ne4 13. Nxc6 bxc6 14. Qc2 Qa5
15. Bb2 Nd6 16. Ne5 Bxe5 17. dxe5 Nc4 18. Bc1 Nxe5 19. Bf4 c4 20. Rab1 Rab8 21.
Rb4 f6 22. Rfb1 Rb6 23. Rxb6 axb6 24. Bxe5 fxe5 25. Bxc6 Qc5 26. Bf3 Rxf3 27.
exf3 Bf5 28. Qb2 Bxb1 1/2-1/2

[Event "Prva liga Srbije 2009"]
[Site "Kragujevac"]
[Date "2009.09.02"]
[Round "2"]
[White "Damljanovic, Branko"]
[Black "Pap, Misa"]
[Result "1/2-1/2"]
[WhiteElo "2559"]
[BlackElo "2484"]
[PlyCount "106"]
[EventDate "2009.??.??"]
[Source "Perpetual Check"]

1. d4 Nf6 2. Nf3 e6 3. Bg5 c5 4. e3 cxd4 5. exd4 Be7 6. Nbd2 d6 7. Bxf6 Bxf6 8.
c3 O-O 9. Bd3 e5 10. dxe5 dxe5 11. Qc2 g6 12. h4 Bg4 13. h5 Bxh5 14. Rxh5 gxh5
15. Bxh7+ Kg7 16. Be4 Nc6 17. Nf1 Qb6 18. Ng3 Rh8 19. Nf5+ Kf8 20. Ne3 Ne7 21.
O-O-O Rd8 22. Rh1 Qa5 23. Qb3 b5 24. g4 Qa4 25. Qxa4 bxa4 26. g5 Bg7 27. Kc2 f6
28. g6 f5 29. Nxf5 Nxf5 30. Bxf5 Ke7 31. Be4 Rdf8 32. Rh2 Rf4 33. Nd2 h4 34. f3
h3 35. Nc4 Rh5 36. Ne3 Rf8 37. Ng4 Bh6 38. Nxh6 Rxh6 39. Kd3 Kf6 40. Ke3 Kg5
41. c4 Rc8 42. c5 Rxc5 43. g7 Rc8 44. Bd5 Kh4 45. g8=Q Rxg8 46. Bxg8 Kg3 47.
Rh1 h2 48. Bd5 Rh4 49. Be4 Rf4 50. Rc1 Kg2 51. Rc2+ Kg3 52. Rc1 Kg2 53. Rc2+
Kg3 1/2-1/2

[Event "Prva liga Srbije 2009"]
[Site "Kragujevac"]
[Date "2009.09.02"]
[Round "2"]
[White "Laketic, Gojko"]
[Black "Stojanovic, Mihajlo"]
[Result "1/2-1/2"]
[WhiteElo "2479"]
[BlackElo "2584"]
[PlyCount "94"]
[EventDate "2009.??.??"]
[Source "Perpetual Check"]

1. d4 Nf6 2. Nf3 e6 3. c4 d5 4. g3 dxc4 5. Qa4+ Nbd7 6. Bg2 a6 7. Qxc4 b5 8.
Qc2 Bb7 9. O-O c5 10. a4 cxd4 11. Nxd4 Bxg2 12. Kxg2 Rc8 13. Qd1 Qb6 14. axb5
axb5 15. Nb3 Be7 16. Be3 Qc6+ 17. f3 O-O 18. N1d2 Qc2 19. Rb1 Nd5 20. Bf2 Bg5
21. f4 Bf6 22. e4 Nb4 23. e5 Be7 24. Qxc2 Rxc2 25. Nf3 Rb8 26. Nfd4 Rcc8 27.
Rfd1 Nc5 28. Kf3 Ncd3 29. Be3 h6 30. Ke2 Nc5 31. Rbc1 Nxb3 32. Nxb3 Nd5 33. Bc5
Bxc5 34. Nxc5 Rb6 35. Ne4 Rbc6 36. Rxc6 Rxc6 37. Kd2 Rc4 38. Nc3 Nxc3 39. bxc3
g5 40. Rf1 Ra4 41. Ke3 Kg7 42. f5 Rc4 43. Kd3 Rc5 44. fxe6 fxe6 45. Kd4 Rc4+
46. Kd3 Rc5 47. Kd4 Rc4+ 1/2-1/2

[Event "Prva liga Srbije 2009"]
[Site "Kragujevac"]
[Date "2009.09.02"]
[Round "2"]
[White "Pikula, Dejan"]
[Black "Nestorovic, Dejan"]
[Result "1-0"]
[WhiteElo "2562"]
[BlackElo "2434"]
[PlyCount "111"]
[EventDate "2009.??.??"]
[Source "Perpetual Check"]

1. e4 c5 2. Nf3 e6 3. d4 cxd4 4. Nxd4 a6 5. c4 Nf6 6. Nc3 Bb4 7. Qf3 d6 8. Nc2
Bc5 9. b4 Ba7 10. Bf4 Nc6 11. Be2 h6 12. Qg3 e5 13. Bd2 Nd4 14. Nxd4 Bxd4 15.
Rc1 Kf8 16. Bd3 g6 17. Ne2 Ba7 18. h3 Kg7 19. f4 Re8 20. Rf1 Qe7 21. Qf3 Ng8
22. f5 gxf5 23. exf5 e4 24. Qg3+ Kh7 25. Bb1 Nf6 26. Qh4 Ng8 27. f6 Qe5 28. Rf4
Bf5 29. Bc3 Qe6 30. Nd4 Bxd4 31. Bxd4 Bg6 32. Qg4 a5 33. b5 a4 34. a3 Rac8 35.
Rc3 Qxg4 36. hxg4 Rc7 37. Ke2 e3 38. Ba2 Rcc8 39. g3 Rc7 40. Rxe3 Rcc8 41. Rxe8
Rxe8+ 42. Kd2 Kh8 43. Bc3 Kh7 44. Bb4 Rd8 45. Ba5 Rc8 46. Bb6 d5 47. Kc3 dxc4
48. Bxc4 Bb1 49. Kb4 Kg6 50. Bd4 Bc2 51. Bd5 Rc7 52. b6 Rd7 53. Kc5 Bb3 54.
Be4+ Kg5 55. Be3 Be6 56. Bh7 1-0

[Event "Prva liga Srbije 2009"]
[Site "Kragujevac"]
[Date "2009.09.02"]
[Round "2"]
[White "Nestorovic, Nikola"]
[Black "Strikovic, Aleksa"]
[Result "0-1"]
[WhiteElo "2412"]
[BlackElo "2512"]
[PlyCount "148"]
[EventDate "2009.??.??"]
[Source "Perpetual Check"]

1. e4 c5 2. Nf3 e6 3. d4 cxd4 4. Nxd4 a6 5. Bd3 Nf6 6. O-O d6 7. c4 b6 8. Nc3
Bb7 9. Qe2 Nbd7 10. f4 g6 11. f5 Qe7 12. fxe6 fxe6 13. Nf3 Bg7 14. Bg5 O-O 15.
Qd2 Nc5 16. Bc2 Qc7 17. Rae1 Ng4 18. h3 Ne5 19. Nxe5 Bxe5 20. b4 Nd7 21. Bb3
Rxf1+ 22. Rxf1 Rf8 23. Rxf8+ Nxf8 24. Bf4 Qg7 25. Na4 Bxf4 26. Qxf4 b5 27. Nb6
Qd4+ 28. Qf2 Qxe4 29. Bc2 Qc6 30. c5 Kg7 31. Bd1 dxc5 32. bxc5 Qc7 33. a4 Nd7
34. Qd4+ Nf6 35. axb5 axb5 36. Be2 Bc6 37. Qe3 Kf7 38. Bd1 Ke7 39. Bb3 Be4 40.
Ba2 Qe5 41. Nc8+ Kd7 42. Nd6 Qa1+ 43. Kh2 Qxa2 44. Nxe4 Nxe4 45. Qxe4 Qd5 46.
Qh4 Qe5+ 47. Kh1 h5 48. Qf2 Kc6 49. Qf8 Qxc5 50. Qe8+ Kd5 51. Qxg6 Qc1+ 52. Kh2
Qf4+ 53. Kh1 h4 54. Qe8 Qc1+ 55. Kh2 Qc4 56. Qd8+ Kc5 57. Qe7+ Kb6 58. Qd6+ Kb7
59. Kg1 b4 60. Qd7+ Qc7 61. Qd3 Kb6 62. Kf1 Qc1+ 63. Ke2 Qc6 64. Qd4+ Kb5 65.
Qxh4 b3 66. Qg5+ Ka4 67. Qg7 Qb5+ 68. Kd2 Qb4+ 69. Kd1 b2 70. Qd7+ Ka3 71. Qa7+
Kb3 72. Qe3+ Ka2 73. Qe2 Qa4+ 74. Ke1 Qa5+ 0-1

[Event "Prva liga Srbije 2009"]
[Site "Kragujevac"]
[Date "2009.09.02"]
[Round "2"]
[White "Sedlak, Nikola"]
[Black "Marjanovic, Slavoljub"]
[Result "1/2-1/2"]
[WhiteElo "2571"]
[BlackElo "2480"]
[PlyCount "111"]
[EventDate "2009.??.??"]
[Source "Perpetual Check"]

1. d4 d5 2. Bf4 Nf6 3. e3 c5 4. c3 Nc6 5. Nd2 e6 6. Ngf3 Bd6 7. Bg3 Bxg3 8.
hxg3 Qd6 9. Bd3 h6 10. Qa4 c4 11. Be2 Rb8 12. Qc2 b5 13. e4 e5 14. dxe5 Nxe5
15. exd5 Neg4 16. Ne4 Qxd5 17. Nxf6+ Nxf6 18. Rd1 Qc5 19. O-O O-O 20. Nd4 Re8
21. Bf3 Bd7 22. Rfe1 a5 23. Rxe8+ Rxe8 24. a3 b4 25. axb4 axb4 26. Qd2 bxc3 27.
bxc3 Bg4 28. Rb1 Bd7 29. Qa2 Ne4 30. Bxe4 Rxe4 31. Rb8+ Re8 32. Rxe8+ Bxe8 33.
Qa8 Kf8 34. Nc2 Qe5 35. Qa3+ Kg8 36. Ne3 Bd7 37. Qa8+ Kh7 38. Qd5 Qxd5 39. Nxd5
Be6 40. Ne3 g5 41. g4 Kg6 42. g3 h5 43. gxh5+ Kxh5 44. f3 f5 45. f4 gxf4 46.
gxf4 Kh4 47. Kg2 Bc8 48. Kf3 Be6 49. Nc2 Bd5+ 50. Ke3 Kg3 51. Na3 Bg8 52. Nb5
Be6 53. Nd4 Bd7 54. Nf3 Bc8 55. Ne5 Be6 56. Ng6 1/2-1/2

[Event "Prva liga Srbije 2009"]
[Site "Kragujevac"]
[Date "2009.09.02"]
[Round "2"]
[White "Martinovic, Slobodan"]
[Black "Roganovic, Milos"]
[Result "0-1"]
[WhiteElo "2452"]
[BlackElo "2474"]
[PlyCount "122"]
[EventDate "2009.??.??"]
[Source "Perpetual Check"]

1. Nf3 Nf6 2. c4 g6 3. Nc3 d5 4. cxd5 Nxd5 5. Qa4+ Bd7 6. Qb3 Nb6 7. d4 Bg7 8.
Bf4 O-O 9. e3 a5 10. a3 a4 11. Qc2 Bf5 12. Bd3 Bxd3 13. Qxd3 c5 14. Bxb8 Rxb8
15. Rd1 cxd4 16. exd4 Nd5 17. Qb5 Nxc3 18. bxc3 Qd6 19. O-O Qxa3 20. c4 Qb3 21.
Qxb3 axb3 22. Rb1 Rfd8 23. Rfd1 Rbc8 24. Rxb3 Rxc4 25. Rxb7 e5 26. Kf1 exd4 27.
Ne1 h6 28. g3 Ra4 29. Nd3 Rda8 30. Rd7 R4a7 31. Rd5 Bf6 32. h4 h5 33. Rd2 Kg7
34. Nf4 Ra1+ 35. Ke2 R8a7 36. Nd3 Kh7 37. Nb4 Rc7 38. Nd3 Bg7 39. Rd6 Bh6 40.
Rb2 Re7+ 41. Kf3 Ra3 42. Rxd4 Bg7 43. Rbb4 Bxd4 44. Rxd4 Re1 45. Kf4 Re2 46.
Kf3 Rc2 47. Ke4 Kg7 48. Rd6 Kf8 49. Rd4 Ke7 50. f3 Rc6 51. Ne5 Re6 52. Kf4 Kf6
53. Nd7+ Kg7 54. g4 hxg4 55. fxg4 Re1 56. g5 Rh3 57. Kg4 Reh1 58. Rd6 Rxh4+ 59.
Kg3 R1h3+ 60. Kg2 Ra3 61. Nf6 Rb4 0-1

[Event "Prva liga Srbije 2009"]
[Site "Kragujevac"]
[Date "2009.09.02"]
[Round "2"]
[White "Leskur, Dejan"]
[Black "Miljkovic, Miroslav D"]
[Result "1/2-1/2"]
[WhiteElo "2428"]
[BlackElo "2467"]
[PlyCount "135"]
[EventDate "2009.??.??"]
[Source "Perpetual Check"]

1. c4 Nf6 2. Nf3 c6 3. b3 d5 4. Bb2 Bg4 5. g3 Bxf3 6. exf3 e6 7. Bg2 Be7 8. O-O
O-O 9. d4 dxc4 10. bxc4 Qb6 11. Qc2 Na6 12. Nd2 Rfd8 13. Rab1 Qc7 14. f4 Rac8
15. Bc3 g6 16. a4 b6 17. Qb2 Ne8 18. Nf3 Nb8 19. Ne5 Bf6 20. Qe2 Bg7 21. h4 Nd6
22. h5 Nf5 23. hxg6 hxg6 24. Rbd1 Qd6 25. Ba1 Qc7 26. d5 exd5 27. cxd5 cxd5 28.
Bxd5 Nxg3 29. fxg3 Qc5+ 30. Bd4 Qxd5 31. Bxb6 Qxd1 32. Rxd1 Rxd1+ 33. Qxd1 axb6
34. Qd5 Bxe5 35. Qxe5 Rc1+ 36. Kg2 Nd7 37. Qd6 Nc5 38. f5 Rc2+ 39. Kh3 gxf5 40.
Qxb6 Nxa4 41. Qb3 Rc6 42. Qxa4 Rh6+ 43. Kg2 Rg6 44. Kf3 Kg7 45. Qd4+ Kg8 46.
Qe5 Re6 47. Qxf5 Kg7 48. Qd5 Rf6+ 49. Kg2 Re6 50. g4 Kg8 51. Kg3 Kg7 52. Qd4+
Kg8 53. Kh4 Kh7 54. g5 Kg8 55. Kh5 Kh7 56. Qc5 Kg7 57. Qf5 Kg8 58. Qd5 Kg7 59.
Qd8 Rg6 60. Kg4 Re6 61. Kf5 Rg6 62. Qd4+ Kg8 63. Qe5 Re6 64. Qb8+ Kg7 65. Qd8
Rg6 66. Ke5 Re6+ 67. Kd5 Rg6 68. Kc5 1/2-1/2

[Event "Prva liga Srbije 2009"]
[Site "Kragujevac"]
[Date "2009.09.02"]
[Round "2"]
[White "Perunovic, Miodrag"]
[Black "Nadj Hedjesi, Balind"]
[Result "1-0"]
[WhiteElo "2439"]
[BlackElo "2454"]
[PlyCount "81"]
[EventDate "2009.??.??"]
[Source "Perpetual Check"]

1. d4 d6 2. Nf3 Bg4 3. c4 g6 4. Nc3 Bg7 5. g3 Bxf3 6. exf3 Nd7 7. Bg2 c5 8. d5
Bxc3+ 9. bxc3 Qa5 10. Qb3 Nb6 11. O-O Qa4 12. Rb1 O-O-O 13. Re1 Qxc4 14. Qb2
Nf6 15. a4 Nfxd5 16. a5 Qxc3 17. Qxc3 Nxc3 18. Rb3 Nbd5 19. Bb2 Na2 20. f4 e6
21. Bxh8 Rxh8 22. Bxd5 exd5 23. Re7 Nb4 24. Rxf7 Re8 25. Re3 Re4 26. Rxh7 c4
27. Kf1 Na2 28. Rxe4 dxe4 29. Ke1 b5 30. axb6 axb6 31. Ra7 Nc3 32. g4 Kd8 33.
h4 Ke8 34. f5 gxf5 35. g5 Nb5 36. Rb7 Nd4 37. g6 Kf8 38. h5 Nf3+ 39. Kd1 Ne5
40. g7+ Kg8 41. h6 1-0

[Event "Prva liga Srbije 2009"]
[Site "Kragujevac"]
[Date "2009.09.02"]
[Round "2"]
[White "Popov, Sinisa S"]
[Black "Maksimovic, Branimir"]
[Result "1/2-1/2"]
[WhiteElo "2455"]
[BlackElo "2421"]
[PlyCount "41"]
[EventDate "2009.??.??"]
[Source "Perpetual Check"]

1. d4 e6 2. c4 Bb4+ 3. Nc3 Nf6 4. e3 O-O 5. Bd3 d5 6. Nf3 c5 7. O-O dxc4 8.
Bxc4 cxd4 9. exd4 a6 10. Qd3 b5 11. Bb3 Bb7 12. Bg5 Nbd7 13. Rad1 Qa5 14. Ne5
Bxc3 15. Nxd7 Nxd7 16. bxc3 Rfc8 17. Rc1 b4 18. Bd2 bxc3 19. Rxc3 Rxc3 20. Qxc3
Qxc3 21. Bxc3 1/2-1/2

[Event "Prva liga Srbije 2009"]
[Site "Kragujevac"]
[Date "2009.09.02"]
[Round "2"]
[White "Solak, Dragan"]
[Black "Perunovic, Milos"]
[Result "1/2-1/2"]
[WhiteElo "2583"]
[BlackElo "2572"]
[PlyCount "28"]
[EventDate "2009.??.??"]
[Source "Perpetual Check"]

1. e4 c5 2. Nf3 e6 3. b3 a6 4. Bb2 Nc6 5. Bd3 d6 6. O-O Nf6 7. e5 dxe5 8. Nxe5
Nxe5 9. Bxe5 Bd6 10. Bxd6 Qxd6 11. Nc3 Bd7 12. Re1 Bc6 13. Ne4 Nxe4 14. Bxe4
O-O 1/2-1/2

[Event "Prva liga Srbije 2009"]
[Site "Kragujevac"]
[Date "2009.09.02"]
[Round "2"]
[White "Kovacevic, Aleksandar"]
[Black "Ilincic, Zlatko"]
[Result "1-0"]
[WhiteElo "2562"]
[BlackElo "2474"]
[PlyCount "125"]
[EventDate "2009.??.??"]
[Source "Perpetual Check"]

1. e4 c5 2. Nf3 d6 3. d4 cxd4 4. Nxd4 Nf6 5. Nc3 a6 6. Be3 e6 7. Be2 Nc6 8. f4
h5 9. Bf3 Bd7 10. Qe2 Ng4 11. Nxc6 bxc6 12. Bd2 e5 13. O-O-O Nf6 14. fxe5 dxe5
15. Na4 Be6 16. Bb4 Nd7 17. Bxf8 Kxf8 18. Kb1 Qa5 19. b3 Rb8 20. Ka1 Rb4 21.
Qd2 Rxa4 22. bxa4 Qxa4 23. c4 Kg8 24. Rb1 c5 25. Rhc1 g6 26. Qc3 Kh7 27. Be2
Qc6 28. Bd3 Ra8 29. Rd1 Qc7 30. Bc2 Nf6 31. Rd2 a5 32. Rbd1 a4 33. Rd6 Nd7 34.
R6d2 Nb6 35. Rd6 Nd7 36. a3 Nb6 37. h3 Nd7 38. g4 hxg4 39. hxg4 Bxg4 40. Rh1+
Kg7 41. Qd2 Rh8 42. Rxh8 Kxh8 43. Bxa4 Nf8 44. Rd8 Kg7 45. Qd6 Qxd6 46. Rxd6
Bf3 47. Bc6 g5 48. Rd3 g4 49. a4 Ne6 50. a5 Nd4 51. Bd7 Bxe4 52. Rg3 f5 53. a6
Kf6 54. Bc8 Bc6 55. Bb7 e4 56. Kb2 Kg5 57. Rb3 e3 58. Rxe3 f4 59. Re5+ Kh4 60.
Rxc5 f3 61. Bxc6 Kg3 62. Be4 Kf4 63. a7 1-0

[Event "Prva liga Srbije 2009"]
[Site "Kragujevac"]
[Date "2009.09.02"]
[Round "2"]
[White "Pavlovic, Milos M"]
[Black "Popovic, Petar"]
[Result "1/2-1/2"]
[WhiteElo "2533"]
[BlackElo "2496"]
[PlyCount "39"]
[EventDate "2009.??.??"]
[Source "Perpetual Check"]

1. d4 Nf6 2. c4 g6 3. Nc3 d5 4. Bf4 Bg7 5. e3 c6 6. Nf3 O-O 7. h3 Be6 8. Ng5
Bf5 9. Be2 Qb6 10. Qd2 h6 11. Nf3 Ne4 12. Nxe4 Bxe4 13. cxd5 Bxd5 14. O-O Nd7
15. Qc2 Bxf3 16. Bxf3 c5 17. dxc5 Nxc5 18. Be2 Rad8 19. Rab1 Qb4 20. Rfd1
1/2-1/2

[Event "Prva liga Srbije 2009"]
[Site "Kragujevac"]
[Date "2009.09.02"]
[Round "2"]
[White "Lazic, Miroljub"]
[Black "Tadic, Branko"]
[Result "1-0"]
[WhiteElo "2450"]
[BlackElo "2532"]
[PlyCount "43"]
[EventDate "2009.??.??"]
[Source "Perpetual Check"]

1. e4 c5 2. Nf3 g6 3. d4 cxd4 4. Qxd4 Nf6 5. e5 Nc6 6. Qa4 Nd5 7. Qe4 Ndb4 8.
Bb5 Qa5 9. Nc3 d5 10. exd6 Bf5 11. Qc4 Nxc2+ 12. Ke2 O-O-O 13. Bxc6 bxc6 14.
Qxc6+ Kb8 15. dxe7 Bh6 16. exd8=Q+ Rxd8 17. Rd1 Bd3+ 18. Rxd3 Rxd3 19. Bxh6
Rxf3 20. Qe8+ Kc7 21. gxf3 Qa6+ 22. Nb5+ 1-0